| 000 | 00887nam a22002897a 4500 | ||
|---|---|---|---|
| 003 | CHAP | ||
| 005 | 20220329135017.0 | ||
| 008 | 971013s1978 r 00010 d | ||
| 010 | _a29507 | ||
| 011 | _a30479 | ||
| 035 | _a34591 | ||
| 040 | _cCHAP | ||
| 082 |
_a321.03 _bL48Y |
||
| 100 | 0 | 0 |
_aLeucate, Christian. _966382 |
| 245 | _aInternacionalización del capital e imperialismo | ||
| 260 |
_aBarcelona : _bFontamara, _c1978 |
||
| 300 | _a174 p. | ||
| 590 |
_aBATCH-UPD _b10 _c20130110 _lUCH01 _h0132 |
||
| 590 |
_aBATCH-UPD _b10 _c20130110 _lUCH01 _h1531 |
||
| 590 |
_aCONVERSION _b10 _c20130109 _lUCH01 _h1317 |
||
| 650 | 1 | 4 |
_aCapital. _918709 |
| 650 | 1 | 4 |
_aImperialismo. _957474 |
| 901 | _aBK | ||
| 942 | _cLIBRO | ||
| 949 |
_a321.03 L48Y _bBC _cLIBRO _d33724000308888 _eLIBRO _fc.2 _h64654 _i34591 _si |
||
| 949 |
_a321.03 L48Y _bBC _cLIBRO _d33724000310330 _eLIBRO _gI.c/e _h64653 _i34591 _si |
||
| 999 |
_c29507 _d29507 |
||